000 01174nam a22003617a 4500
003 CHAP
005 20220329143739.0
008 110527s1994 mx a r 00010 spa d
010 _a101328
011 _a102300
020 _a9681643372
035 _a112988
040 _cCHAP
082 0 4 _a321.023
_bOr82
100 1 _aOrtega Lomelín, Roberto.
_983818
245 1 0 _aFederalismo y municipio
_c/por Roberto Ortega Lomelín
260 _aMéxico, D.F. :
_bFCE,
_c1994
300 _a203 p. :
_bilus., cuadros
490 _aUna visión de la modernización de México
590 _aBATCH-UPD
_b10
_c20130110
_lUCH01
_h1006
590 _aBATCH-UPD
_b10
_c20130410
_lUCH01
_h0616
590 _aBATCH-UPD
_b10
_c20130914
_lUCH01
_h0821
590 _aCONVERSION
_b10
_c20130109
_lUCH01
_h1356
650 1 4 _aCambio estructural.
_917784
650 1 4 _aDemocracia.
_931740
650 1 4 _aGobierno federal.
_948406
650 1 4 _aGobierno municipal.
_948413
650 1 4 _aPolítica social.
_990696
830 0 _aUna visión de la modernización de México
_9116089
901 _aBK
942 _cLIBRO
949 _a321.023 Or82
_bBC
_cLIBRO
_d33724002252975
_eLIBRO
_h115063
_i112988
_sb
999 _c101328
_d101328